000 00944cam a2200229 4500
001 ABS68271
008 041001n2004 000 0 eng u
035 _a(Sirsi) u127609
100 _aHanson, N.
245 _aMatter of principle
260 _c2004
490 _aLaw Society's Gazette
_v101(32) 19 August 2004, 26-28(3)
520 _aDebates the issue of professional ethics in the context of the Law Society's draft new professional conduct rules. Notes that many firms are increasingly seeing the benefits of adopting an enhanced ethical stance and this extends beyond mere compliance with minimum regulations. Exeter University last month hosted a two day event billed as the first international conference on lawyers ethics.
590 _aABS
590 _aABS
650 _aLAW SOCIETY
650 _aETHICAL BEHAVIOUR
650 _aSOLICITORS DUTY
650 _aLAWYERS
690 _aPROFESSIONAL PRACTICE
942 _n0
999 _c118112
_d118112